|
|
|
|
| LEADER |
00760pam a22002298a 4500 |
| 001 |
00023252 |
| 005 |
20171026081023.0 |
| 008 |
110616s1982 ||||||Viesd |
| 041 |
0 |
# |
|a Vie
|
| 082 |
1 |
# |
|a 801
|b V115H
|
| 245 |
0 |
0 |
|a Văn học và trẻ em
|
| 260 |
# |
# |
|a H.
|b Kim Đồng
|c 1982
|
| 300 |
# |
# |
|a 103 tr.
|c 19 cm.
|
| 650 |
|
|
|a Lí luận văn học
|
| 650 |
|
|
|a Nghiên cứu văn học
|
| 653 |
# |
# |
|a Văn học thiếu nhi
|
| 852 |
# |
# |
|b Kho giáo trình
|j KGT.0023311, KGT.0023312
|
| 852 |
# |
# |
|b Kho mượn
|j KGT.0023311
|
| 852 |
# |
# |
|b Kho đọc
|j KD.0009487
|
| 852 |
# |
# |
|j KD.0009487
|j KGT.0023311
|j KGT.0023312
|j KGT.0054052
|
| 910 |
|
|
|d 16/06/2011
|
| 980 |
# |
# |
|a Trung tâm Học liệu Lê Vũ Hùng, Trường Đại học Đồng Tháp
|